[Event "IECC O-2724"]
[Site "IECC email"]
[Date "2007.12.30"]
[Round "?"]
[White "Van Niekerk, Jan"]
[Black "Paluch, Andrzej"]
[Result "1-0"]
[WhiteElo "1185"]
[BlackElo "1288"]
[PlyCount "77"]
[EventDate "2007.??.??"]
[EventType "swiss (corr)"]
[EventRounds "2"]
[SourceTitle "Corr 2020"]
[Source "ChessBase"]
[SourceDate "2019.09.30"]
[SourceVersion "1"]
[SourceVersionDate "2019.09.30"]
[SourceQuality "1"]
[WhiteTeam "South Africa"]
[BlackTeam "Poland"]
[WhiteTeamCountry "RSA"]
[BlackTeamCountry "POL"]

1. e4 c5 2. Nf3 e6 3. d4 cxd4 4. Nxd4 Nc6 5. Nc3 a6 6. Be2 Qc7 7. 0-0 Nf6 8. Bg5 Be7 9. Qd2 0-0 10. Rad1 Nxd4 11. Qxd4 d6 12. Bxf6 gxf6 13. Qe3 Bd7 14. Qh6 Kh8 15. Bd3 e5 16. Nd5 Qd8 17. Rfe1 Rg8 18. c4 Be6 19. b3 Rg6 20. Qe3 Rb8 21. f4 Bxd5 22. exd5 Rg7 23. Bf5 Qa5 24. Re2 b6 25. Kh1 Qc5 26. Qd2 Rbg8 27. a4 Qc7 28. Rf1 Qc5 29. Qc2 Qb4 30. Ref2 Qc5 31. Qd3 Bd8 32. Re2 Qa3 33. Bc8 a5 34. Bf5 Be7 35. Qc2 Qc5 36. Rf3 Qd4 37. Rd2 Qc5 38. Rh3 Rb8 39. Bxh7 1-0

[Event "IECC KO email"]
[Site "IECC email"]
[Date "2002.03.15"]
[Round "?"]
[White "Van Niekerk, Jan"]
[Black "Hughes, Stephen J"]
[Result "0-1"]
[WhiteElo "1188"]
[BlackElo "1046"]
[PlyCount "66"]
[EventDate "2002.??.??"]
[EventType "tourn (corr)"]
[EventRounds "6"]
[SourceTitle "Corr 2008"]
[Source "ChessBase"]
[SourceDate "2008.06.24"]
[SourceVersion "1"]
[SourceVersionDate "2008.06.24"]
[SourceQuality "1"]

1. e4 d6 2. d4 Nf6 3. Nc3 g6 4. f4 Bg7 5. Nf3 0-0 6. Bd3 Na6 7. 0-0 c5 8. d5 Nc7 9. a4 e6 10. dxe6 Bxe6 11. f5 Bd7 12. Bg5 Qe8 13. Re1 Bc6 14. e5 dxe5 15. Nxe5 Qd8 16. Nxc6 bxc6 17. Qf3 c4 18. Bf1 Ncd5 19. fxg6 Qb6+ 20. Be3 Nxe3 21. gxf7+ Kh8 22. Qxe3 Qxb2 23. Rab1 Qxc2 24. Bxc4 Ng4 25. Qf4 Qxc3 26. Re4 Ne5 27. Rc1 Qa5 28. Kh1 Rab8 29. Re2 Nxc4 30. Qxc4 Qf5 31. Re7 Rb1 32. Rxa7 Rd8 33. Ra8 Rxa8 0-1

[Event "IECC Swiss email"]
[Site "IECC email"]
[Date "2001.12.25"]
[Round "?"]
[White "Van Niekerk, Jan"]
[Black "Cashon, John J"]
[Result "1/2-1/2"]
[WhiteElo "1049"]
[BlackElo "1941"]
[PlyCount "109"]
[EventDate "2001.??.??"]
[EventType "tourn (corr)"]
[EventRounds "6"]
[SourceTitle "Corr 2008"]
[Source "ChessBase"]
[SourceDate "2008.06.24"]
[SourceVersion "1"]
[SourceVersionDate "2008.06.24"]
[SourceQuality "1"]

1. d4 Nf6 2. c4 d5 3. cxd5 e6 4. dxe6 Bxe6 5. e3 c5 6. Bb5+ Nc6 7. Nf3 Qb6 8. Qa4 0-0-0 9. Bxc6 Qxc6 10. Qxc6+ bxc6 11. Nc3 cxd4 12. Nxd4 Bd7 13. 0-0 Bb4 14. Bd2 c5 15. Nf3 Bc6 16. Rfd1 Bxf3 17. gxf3 Rd7 18. a3 Ba5 19. Be1 Rxd1 20. Rxd1 Rd8 21. Rxd8+ Kxd8 22. Kf1 Nd7 23. f4 Nb6 24. Na4 Bxe1 25. Nxb6 Bxf2 26. Nc4 Bh4 27. Nd6 Bf6 28. b3 Kd7 29. Nxf7 h6 30. Nh8 Ke6 31. e4 Bb2 32. a4 Kf6 33. Ke2 g6 34. e5+ Kf5 35. Kd3 g5 36. fxg5 Bxe5 37. Nf7 Bxh2 38. gxh6 Kg6 39. Nd8 Kxh6 40. Kc4 Bc7 41. Ne6 Bh2 42. Kb5 Bg1 43. Nd8 Kg5 44. Nc6 Kf5 45. a5 Ke6 46. Kc4 a6 47. Nb8 Kd6 48. Nxa6 Kc6 49. b4 cxb4 50. Nxb4+ Kb7 51. Kb5 Ka7 52. Nc6+ Ka8 53. a6 Bc5 54. Kc4 Bg1 55. Kd5 1/2-1/2

[Event "IECC Swiss email"]
[Site "IECC email"]
[Date "2001.01.24"]
[Round "?"]
[White "Van Niekerk, Jan"]
[Black "Venturas, Bob"]
[Result "1-0"]
[WhiteElo "1037"]
[BlackElo "1169"]
[PlyCount "36"]
[EventDate "2001.??.??"]
[EventType "tourn (corr)"]
[EventRounds "6"]
[SourceTitle "Corr 2008"]
[Source "ChessBase"]
[SourceDate "2008.06.24"]
[SourceVersion "1"]
[SourceVersionDate "2008.06.24"]
[SourceQuality "1"]

1. e4 e5 2. Nf3 Nf6 3. Nxe5 c5 4. d3 h6 5. Nc3 d6 6. Nc4 Nc6 7. Be2 Nd4 8. 0-0 Be6 9. Re1 g5 10. Be3 b5 11. Bxd4 bxc4 12. Bxf6 Qxf6 13. dxc4 Bg7 14. Qxd6 Rd8 15. Qxc5 Rd2 16. Nd5 Bxd5 17. exd5 Qb6 18. Bg4+ Kd8 1-0

[Event "IECC P email"]
[Site "IECC email"]
[Date "2000.09.25"]
[Round "?"]
[White "Van Niekerk, Jan"]
[Black "Renze, John"]
[Result "1-0"]
[WhiteElo "1037"]
[BlackElo "958"]
[PlyCount "47"]
[EventDate "2000.??.??"]
[EventType "tourn (corr)"]
[EventRounds "6"]
[SourceTitle "Corr 2008"]
[Source "ChessBase"]
[SourceDate "2008.06.24"]
[SourceVersion "1"]
[SourceVersionDate "2008.06.24"]
[SourceQuality "1"]

1. e4 c5 2. c3 d5 3. exd5 Qxd5 4. d4 Nc6 5. Nf3 Bg4 6. Be2 e6 7. h3 Bh5 8. c4 Qd6 9. d5 Bxf3 10. Bxf3 Nd4 11. Nc3 e5 12. Qa4+ Qd7 13. Qxd7+ Kxd7 14. Bd1 f5 15. Ba4+ Kd6 16. f4 e4 17. Be3 g6 18. b4 Bg7 19. 0-0-0 b6 20. bxc5+ bxc5 21. Bxd4 Bxd4 22. Nb5+ Ke7 23. d6+ Kd8 24. Nc7 1-0

[Event "IECC CL7-2000.34"]
[Site "IECC email"]
[Date "2000.06.29"]
[Round "?"]
[White "Van Niekerk, Jan"]
[Black "Fan, Andrew"]
[Result "0-1"]
[WhiteElo "1049"]
[BlackElo "1224"]
[PlyCount "71"]
[EventDate "2000.??.??"]
[EventType "tourn (corr)"]
[EventRounds "4"]
[SourceTitle "Corr 2008"]
[Source "ChessBase"]
[SourceDate "2008.06.24"]
[SourceVersion "1"]
[SourceVersionDate "2008.06.24"]
[SourceQuality "1"]

1. e4 e5 2. Nf3 Nc6 3. Bb5 a6 4. Ba4 Nf6 5. 0-0 Be7 6. Re1 b5 7. Bb3 0-0 8. c3 d6 9. d4 Bg4 10. h3 Bxf3 11. Qxf3 exd4 12. Qg3 dxc3 13. Nxc3 Nd4 14. Bh6 Ne8 15. Rad1 Nxb3 16. axb3 Bh4 17. Qg4 b4 18. Nd5 c6 19. g3 cxd5 20. gxh4 dxe4 21. Rxe4 f5 22. Rxe8 fxg4 23. Rxd8 Raxd8 24. Bg5 Rde8 25. hxg4 Re4 26. f3 Rxf3 27. Rxd6 Rxg4+ 28. Kh2 Rxb3 29. Rd8+ Kf7 30. Rd7+ Ke6 31. Rxg7 Rxb2+ 32. Kh3 Rc4 33. Re7+ Kd5 34. Rd7+ Kc6 35. Rxh7 Rb3+ 36. Kg2 0-1

[Event "IECC CL7-2000.19"]
[Site "IECC email"]
[Date "2000.03.05"]
[Round "?"]
[White "Van Niekerk, Jan"]
[Black "Pool, Theo"]
[Result "1/2-1/2"]
[WhiteElo "989"]
[BlackElo "1087"]
[PlyCount "96"]
[EventDate "2000.??.??"]
[EventType "tourn (corr)"]
[EventRounds "4"]
[SourceTitle "Corr 2008"]
[Source "ChessBase"]
[SourceDate "2008.06.24"]
[SourceVersion "1"]
[SourceVersionDate "2008.06.24"]
[SourceQuality "1"]

1. e4 e5 2. Nf3 Nc6 3. Bc4 Nf6 4. 0-0 Bc5 5. h3 0-0 6. d3 d5 7. Bb3 dxe4 8. dxe4 Nxe4 9. Qxd8 Rxd8 10. Ng5 Nxg5 11. Bxg5 Rd6 12. Nc3 Rg6 13. Be3 b6 14. Kh2 Bd6 15. Ne4 Bb7 16. Bd5 Na5 17. Bxb7 Nxb7 18. Rad1 Rd8 19. g4 Nc5 20. Nxc5 e4+ 21. Kg2 bxc5 22. Bxc5 Re8 23. Bxd6 cxd6 24. Rd5 h6 25. c4 Rge6 26. b4 Rc8 27. c5 dxc5 28. Rxc5 Rb8 29. a3 e3 30. fxe3 Rxe3 31. Rf3 Rxf3 32. Kxf3 Rd8 33. Rc3 Rd7 34. a4 Kf8 35. b5 Ke7 36. a5 Rd5 37. Rb3 Kd7 38. Ke4 Rg5 39. b6 axb6 40. axb6 Kc8 41. Kf4 Kb7 42. h4 Rc5 43. Rb4 g6 44. g5 Rf5+ 45. Kg4 h5+ 46. Kg3 f6 47. Rf4 fxg5 48. Rxf5 gxh4+ 1/2-1/2

[Event "IECC P email"]
[Site "IECC email"]
[Date "2000.02.25"]
[Round "?"]
[White "Van Niekerk, Jan"]
[Black "Butler, George Malcolm"]
[Result "1-0"]
[WhiteElo "1039"]
[BlackElo "1112"]
[PlyCount "43"]
[EventDate "2000.??.??"]
[EventType "tourn (corr)"]
[EventRounds "6"]
[SourceTitle "Corr 2008"]
[Source "ChessBase"]
[SourceDate "2008.06.24"]
[SourceVersion "1"]
[SourceVersionDate "2008.06.24"]
[SourceQuality "1"]

1. e4 e5 2. Nf3 Nc6 3. Bb5 a6 4. Ba4 Nf6 5. 0-0 Nxe4 6. d3 Nc5 7. Bxc6 bxc6 8. Nxe5 Bd6 9. Nc4 0-0 10. Nxd6 cxd6 11. Nc3 d5 12. d4 Ne6 13. Re1 a5 14. a4 Ba6 15. b3 Qf6 16. Be3 c5 17. Nxd5 Qd8 18. dxc5 Rc8 19. Qd2 Nxc5 20. Bxc5 Rxc5 21. Ne7+ Kh8 22. Qd6 1-0

[Event "IECC O email"]
[Site "IECC email"]
[Date "2000.01.29"]
[Round "?"]
[White "Corthals, Ivo"]
[Black "Van Niekerk, Jan"]
[Result "1-0"]
[WhiteElo "1225"]
[BlackElo "1026"]
[PlyCount "60"]
[EventDate "2000.??.??"]
[EventType "tourn (corr)"]
[EventRounds "6"]
[SourceTitle "Corr 2008"]
[Source "ChessBase"]
[SourceDate "2008.06.24"]
[SourceVersion "1"]
[SourceVersionDate "2008.06.24"]
[SourceQuality "1"]

1. d4 d5 2. Nf3 Nc6 3. Bf4 e6 4. c4 Bb4+ 5. Nc3 Nge7 6. e3 0-0 7. Qc2 Ng6 8. Bg3 f6 9. cxd5 exd5 10. a3 Bxc3+ 11. bxc3 Re8 12. Bd3 Nce7 13. h4 Nf8 14. Rb1 Rb8 15. c4 Bg4 16. cxd5 Nxd5 17. h5 Qd7 18. h6 g6 19. Bb5 Bf5 20. Qa4 Qe7 21. Rc1 Nb6 22. Qxa7 Rec8 23. 0-0 Ne6 24. Nd2 Nd5 25. e4 Ndf4 26. exf5 gxf5 27. Rfe1 Qf8 28. Bc4 Kh8 29. Bxe6 Nd3 30. Rxc7 Rxc7 1-0

[Event "IECC O email"]
[Site "IECC email"]
[Date "1999.11.17"]
[Round "?"]
[White "Goze, Tolga"]
[Black "Van Niekerk, Jan"]
[Result "1-0"]
[WhiteElo "1000"]
[BlackElo "1078"]
[PlyCount "45"]
[EventDate "1999.??.??"]
[EventType "tourn (corr)"]
[EventRounds "6"]
[SourceTitle "Corr 2008"]
[Source "ChessBase"]
[SourceDate "2008.06.24"]
[SourceVersion "1"]
[SourceVersionDate "2008.06.24"]
[SourceQuality "1"]

1. e4 e5 2. Nf3 Nc6 3. Bc4 Nf6 4. Ng5 d5 5. exd5 Na5 6. Bb5+ c6 7. dxc6 bxc6 8. Qf3 Bb7 9. Ba4 Rc8 10. Nc3 Be7 11. Qf5 g6 12. Qxe5 0-0 13. Qe2 Nd7 14. Nf3 Re8 15. 0-0 Nb6 16. Re1 Nxa4 17. Nxa4 Bc5 18. Qxe8+ Bf8 19. Qxd8 Rxd8 20. d3 Bc8 21. Bg5 Rd7 22. Re8 Ba6 23. Bh6 1-0

[Event "IECC O email"]
[Site "IECC email"]
[Date "1999.11.17"]
[Round "?"]
[White "Van Niekerk, Jan"]
[Black "Soldini, Paolo"]
[Result "0-1"]
[WhiteElo "1092"]
[BlackElo "1142"]
[PlyCount "51"]
[EventDate "1999.??.??"]
[EventType "tourn (corr)"]
[EventRounds "6"]
[SourceTitle "Corr 2008"]
[Source "ChessBase"]
[SourceDate "2008.06.24"]
[SourceVersion "1"]
[SourceVersionDate "2008.06.24"]
[SourceQuality "1"]

1. e4 e5 2. Nf3 Nc6 3. Nc3 Nf6 4. Bb5 Nd4 5. Nxd4 exd4 6. Ne2 Nxe4 7. Nxd4 Bc5 8. c3 Bxd4 9. cxd4 Qg5 10. Bf1 0-0 11. d3 Qa5+ 12. Bd2 Nxd2 13. Qxd2 Qd5 14. Qf4 Re8+ 15. Be2 Qxg2 16. Rf1 d6 17. Qg3 Qd5 18. Qf4 Bf5 19. Qd2 Bg4 20. f3 Bxf3 21. Rf2 Bxe2 22. Rxe2 Qh1+ 23. Kf2 Qxa1 24. Re1 Rxe1 25. Qxe1 Qxb2+ 26. Kf1 0-1

[Event "IECC M email"]
[Site "IECC email"]
[Date "1999.10.18"]
[Round "?"]
[White "Tomasouw, Izak"]
[Black "Van Niekerk, Jan"]
[Result "1-0"]
[WhiteElo "1269"]
[BlackElo "1078"]
[PlyCount "62"]
[EventDate "1999.??.??"]
[EventType "tourn (corr)"]
[EventRounds "6"]
[SourceTitle "Corr 2008"]
[Source "ChessBase"]
[SourceDate "2008.06.24"]
[SourceVersion "1"]
[SourceVersionDate "2008.06.24"]
[SourceQuality "1"]

1. e4 e5 2. Nf3 Nc6 3. Bb5 Nf6 4. 0-0 Bc5 5. d3 0-0 6. Bxc6 bxc6 7. Nxe5 d6 8. Nxc6 Qd7 9. b4 Qxc6 10. bxc5 dxc5 11. Nd2 Re8 12. Bb2 h6 13. f4 Rb8 14. Rb1 Bd7 15. Nc4 Ng4 16. h3 Nf6 17. Ne5 Qd6 18. Nxf7 Kxf7 19. e5 Qe6 20. exf6 gxf6 21. Qh5+ Kg7 22. Rf3 Kh7 23. f5 Qg8 24. Kh2 Qg5 25. Qf7+ Qg7 26. Qg6+ Qxg6 27. fxg6+ Kxg6 28. Rxf6+ Kh5 29. Bc1 Re6 30. g4+ Kh4 31. Rxe6 Bxe6 1-0

[Event "IECC O email"]
[Site "IECC email"]
[Date "1999.10.15"]
[Round "?"]
[White "Van Niekerk, Jan"]
[Black "Richard, Andy"]
[Result "0-1"]
[WhiteElo "1100"]
[BlackElo "1315"]
[PlyCount "47"]
[EventDate "1999.??.??"]
[EventType "tourn (corr)"]
[EventRounds "6"]
[SourceTitle "Corr 2008"]
[Source "ChessBase"]
[SourceDate "2008.06.24"]
[SourceVersion "1"]
[SourceVersionDate "2008.06.24"]
[SourceQuality "1"]

1. e4 Nf6 2. Nc3 d5 3. e5 d4 4. Na4 Ng4 5. Nf3 Qd5 6. d3 Nxe5 7. Be2 Qa5+ 8. c3 Bd7 9. b3 dxc3 10. 0-0 e6 11. d4 Nxf3+ 12. Bxf3 Bc6 13. Bxc6+ Nxc6 14. h3 0-0-0 15. Qf3 Nxd4 16. Qe4 Bb4 17. Be3 f5 18. Qh4 e5 19. Bxd4 exd4 20. Rfd1 d3 21. a3 c2 22. axb4 Qe5 23. Rd2 Qxa1+ 24. Kh2 0-1

[Event "IECC M email"]
[Site "IECC email"]
[Date "1999.09.20"]
[Round "?"]
[White "Van Niekerk, Jan"]
[Black "Price, Chris I"]
[Result "1-0"]
[WhiteElo "1030"]
[BlackElo "1000"]
[PlyCount "57"]
[EventDate "1999.??.??"]
[EventType "tourn (corr)"]
[EventRounds "6"]
[SourceTitle "Corr 2008"]
[Source "ChessBase"]
[SourceDate "2008.06.24"]
[SourceVersion "1"]
[SourceVersionDate "2008.06.24"]
[SourceQuality "1"]

1. e4 e6 2. Nc3 Nf6 3. Nf3 d5 4. e5 Nfd7 5. d4 c5 6. Be3 Nb6 7. dxc5 N6d7 8. Bb5 a6 9. Ba4 b5 10. Bb3 Bxc5 11. Qd2 Qc7 12. Bxc5 Qxc5 13. 0-0-0 Qc7 14. Rhe1 Nc6 15. g3 Ndxe5 16. Nxe5 Nxe5 17. Qg5 f5 18. Qh5+ g6 19. Qe2 Qd6 20. Qxe5 Kd7 21. Qxh8 h5 22. Qg7+ Qe7 23. Rxd5+ Ke8 24. Qg8+ Qf8 25. Rxe6+ Bxe6 26. Qxe6+ Qe7 27. Qxg6+ Kf8 28. Rxf5+ Qf7 29. Qxf7# 1-0